Пропуск в контексте

Управленческий учет в государственных корпорациях Монография

В монографии изложены теоретические основы и практические аспекты организации управленческого учета в государственных корпорациях Российской Федерации. Особое внимание уделено месту и роли управленческого учета в информационной системе организации и перспективным моделям его организации в государств...

Полное описание

Сохранить в:
Библиографические подробности
Главный автор: Сорокина В.В
Формат: Монография
Редакция:1
Online-ссылка:https://znanium.com/catalog/document?id=48674
https://znanium.com/cover/0514/514521.jpg
Метки: Добавить метку
Нет меток, Требуется 1-ая метка записи!
LEADER 02343nam0a2200265 i 4500
001 RU\infra-m\znanium\bibl\514521
003 https://znanium.com/catalog/document?id=48674
005 20190327000000.0
010 |a 978-5-394-02332-3 
100 |a 20190327d2015 m y0rusy0150 ca 
101 0 |a rus 
102 |a RU 
200 1 |a Управленческий учет в государственных корпорациях  |e Монография  |f Финансовый университет при Правительстве Российской Федерации  |g Российский государственный университет социальных технологий 
205 |a 1 
210 1 |a Москва  |c Издательско-торговая корпорация "Дашков и К"  |d 2013 
215 |a 157 с. 
330 |a В монографии изложены теоретические основы и практические аспекты организации управленческого учета в государственных корпорациях Российской Федерации. Особое внимание уделено месту и роли управленческого учета в информационной системе организации и перспективным моделям его организации в государственных корпорациях. 
333 |a ВО - Магистратура 
606 |a Экономика. Бухгалтерский учет. Финансы  |x Управленческий учет  |2 local 
608 |a Монография  |2 local 
700 1 |a Сорокина  |b В.В.  |g Вера Викторовна  |p Финансовый университет при Правительстве Российской Федерации 
712 0 2 |a Российский государственный университет социальных технологий 
801 0 |a RU  |b Общество с ограниченной ответственностью «ЗНАНИУМ»  |c 20150505  |2 rusmarc 
856 4 |a znanium.com  |m ebs_support@infra-m.ru  |n НИЦ ИНФРА-М  |u https://znanium.com/catalog/document?id=48674 
856 4 1 |a znanium.com  |d /cover/0514  |f 514521.jpg  |q image/jpeg  |u https://znanium.com/cover/0514/514521.jpg